Visualizzazione normale
Vista MARC
- Familia Paulina
di Personal Name
Records bibliografici associati: 1
001 - CONTROL NUMBER
- control field: 403
003 - CONTROL NUMBER IDENTIFIER
- control field: IT-RoPau
005 - DATE AND TIME OF LATEST TRANSACTION
- control field: 20130209113743.0
008 - FIXED-LENGTH DATA ELEMENTS
- fixed length control field: 130209|| aca||aabn | a|a d
040 ## - CATALOGING SOURCE
- Original cataloging agency: IT-RoPau
- Transcribing agency: IT-RoPau
100 ## - HEADING--PERSONAL NAME
- Personal name: Familia Paulina
670 ## - SOURCE DATA FOUND
- Source citation: Work cat.: (IT-RoPau): Familia Paulina, O Cooperador Paulino 1986 Brasile, 1986